00559nam a2200181 a 45000010005000000030005000050050017000100080041000270200015000680400020000832450125001032600034002283000011002624900029002736500025003026500026003277000024003532905CDMR20131127175453.0130130s1977||||||||||||||||||||||||||||d a8425206294 aCDMRbcatcCDMR00aMiseria de la comunicación visualb: elementos para una crítica de la industria de la concienciacH.K. Ehmer et alt. aBarcelonac1977bGustavo Gili a428 p.0 aGG Comunicación visual04aComunicació visual04aAnàlisi del discurs1 aEhmer, Hermann Karl